Lähimmät pääkaupunkiparit #2 - Statistics

Yleistilastot
  • Tätä visaa on pelattu 440 kertaa
  • Keskiarvotulos 10 / 20
Vastaustilastot
Pääkaupunki Lähin pääkaupunki % Oikein
Dublin Lontoo
99%
Pariisi Bryssel
82%
Tukholma Tallinna
72%
Minsk Vilna
66%
Soul Pjongjang
65%
Vaduz Bern
55%
Chișinău Bukarest
54%
Bratislava Wien
53%
Islamabad Kabul
51%
Jakarta Singapore
50%
Singapore Kuala Lumpur
49%
Quito Bogotá
47%
México Guatemala
44%
Phnom Penh Bangkok
40%
Ankara Nikosia
39%
Nassau Havanna
33%
Rabat Lissabon
31%
Masqat Abu Dhabi
30%
Djibouti Sanaa
28%
Banjul Dakar
21%
Ehtoja vastaavia visoja ei löytynyt
Tulosjakauma
Jokaisen tuloksen saaneiden osuus
Persentiili vastausten määrän mukaan
Tuloshistoriasi
Et ole pelannut tätä visaa